Employee Share Plans:International Legal and Tax Issues (Record no. 4285)

MARC details
005 - DATE AND TIME OF LATEST TRANSACTION
control field 20250618113623.0
020 ## - INTERNATIONAL STANDARD BOOK NUMBER
International Standard Book Number 978-1-905783-14-4
082 ## - DEWEY DECIMAL CLASSIFICATION NUMBER
Classification number 658.3225 ELL
245 ## - TITLE STATEMENT
Title Employee Share Plans:International Legal and Tax Issues
260 ## - PUBLICATION, DISTRIBUTION, ETC.
Place of publication, distribution, etc. London
Name of publisher, distributor, etc. Globe Business Publishing Ltd
Date of publication, distribution, etc. 2008.
300 ## - PHYSICAL DESCRIPTION
Extent 337p.
Dimensions 24cm
700 ## - ADDED ENTRY--PERSONAL NAME
Other authors/Editors Paul Ellerman
942 ## - ADDED ENTRY ELEMENTS (KOHA)
Source of classification or shelving scheme Dewey Decimal Classification
Koha item type Books
Holdings
Date last seen Total checkouts Full call number Barcode Cost, replacement price Price effective from Koha item type Lost status Source of classification or shelving scheme Damaged status Not for loan Withdrawn status Home library Current library Shelving location Date acquired Source of acquisition Cost, normal purchase price
06/18/2025   658.3225 ELL MZA0001378 345000.00 06/18/2025 Books   Dewey Decimal Classification       CBE Mwanza CBE Mwanza General Collection 07/22/2017 Library Budget 115000.00
06/18/2025   658.3225 ELL MZA0001379 345000.00 06/18/2025 Books   Dewey Decimal Classification       CBE Mwanza CBE Mwanza General Collection 07/22/2017 Library Budget 115000.00
06/18/2025   658.3225 ELL MZA0001380 345000.00 06/18/2025 Books   Dewey Decimal Classification       CBE Mwanza CBE Mwanza General Collection 07/22/2017 Library Budget 115000.00